| 000 | 00000nam##2200000za#4500 |
| 001 | 9.661463 |
| 003 | CaOODSP |
| 005 | 20210615120117 |
| 007 | ta |
| 008 | 150407|1999||||xxc||||| f|0| 0 eng|d |
| 020 | |a0-662-64622-3 |
| 040 | |aCaOODSP|beng |
| 041 | |aeng |
| 041 | |afre |
| 043 | |an-cn--- |
| 086 | 1 |aP35-120/1999 |
| 110 | 1 |aCanada. |bPublic Works and Government Services Canada. |
| 245 | 10|aEnsuring access: the duty to accommodate |
| 260 | |aOttawa - Ontario : |bPublic Works and Government Services Canada |c1999. |
| 300 | |aEnglish text, 6p. ; |c23 cm. |
| 546 | |aBilingual |
| 563 | |aSoftcover |
| 590 | |a01-06|b2001-02-09 |
| 690 | 07|aBarrier free access|2gcpds |
| 690 | 07|aGovernment policy|2gcpds |
| 776 | 0#|tAccessibilité : |w(CaOODSP)9.642086 |
| 776 | 0#|tEnsuring access : |w(CaOODSP)9.698091 |
| 792 | |tAccessibilité: l'obligation d'accommoder |efre|w(CaOODSP)9.661464 |